Statistiques concernant Les 12 plus grandes licornes françaises

Cliquez ici pour prendre le quiz!

Statistiques générales

  • Ce quiz a été pris 8 fois
  • Le résultat moyen est 3 sur 12

Statistiques - réponses

Secteur d'activitéValorisationEntreprise% Correct
Santé5,8 milliardsDoctolib
88%
Transport2 milliardsBlablacar
75%
Produits électroniques5,7 milliardsBack Market
25%
Bricolage2,6 milliardsManoMano
25%
Banque5 milliardsQonto
25%
Jeux-Vidéos4,5 milliardsSorare
25%
E-commerce / Marketplace1,75 milliardAnkorstore
13%
Logiciel / Marketing5,6 milliardsContentsquare
13%
Robotique2 milliardsExotec
13%
Logiciel / Ressources Humaines1,84 milliardPayfit
13%
E-commerce3 milliardsVeepee
13%
E-commerce3,5 milliardsMirakl
0%

Distribution des résultats

Percentile par nombre de réponses

% des personnes avec chaque résultat

Votre développement - résultats

Vous n’avez pas pris ce quiz